[Event "St Petersburg Korchnoi Memorial op"]
[Site "St Petersburg"]
[Date "2023.08.21"]
[Round "5"]
[White "Ryndin, Mark"]
[Black "Kuznetsov, Pavel Dm"]
[Result "1/2-1/2"]
[WhiteElo "1341"]
[BlackElo "1078"]
[PlyCount "54"]
[EventDate "2023.08.18"]
[EventType "swiss"]
[EventRounds "9"]
[EventCountry "RUS"]
[SourceTitle "EXT 2024"]
[Source "ChessBase"]
[SourceDate "2023.10.10"]
[SourceVersion "1"]
[SourceVersionDate "2023.10.10"]
[SourceQuality "1"]

1. e4 c5 2. Nf3 d6 3. d4 cxd4 4. Nxd4 a6 5. Nc3 Nf6 6. f3 h5 7. Bc4 Qc7 8. Bb3 Nbd7 9. Bg5 b5 10. Qd2 Bb7 11. a3 g6 12. Bxf6 Nxf6 13. 0-0 Bh6 14. Qf2 Qc5 15. Nd1 0-0 16. Kh1 Rac8 17. c3 d5 18. e5 Nd7 19. f4 e6 20. Qg3 Kh8 21. Qh4 Kg7 22. Bc2 Rfe8 23. Qh3 a5 24. Ne3 b4 25. axb4 axb4 26. Ba4 Red8 27. Bxd7 Rxd7 1/2-1/2